|
|
|
|
| LEADER |
00000nab#a22000007a#4500 |
| 001 |
arbauad009978 |
| 003 |
AR-BaUAD |
| 005 |
20250711111014.0 |
| 008 |
950330|||||||||###||||||b###|0###a|spa|| |
| 040 |
|
|
|a AR-BaUAD
|c AR-BaUAD
|b spa
|
| 100 |
|
|
|a Tellechea, Juan Carlos
|
| 245 |
|
|
|a El arte de la tapicería en Uruguay /
|c Juan Carlos Tellechea;
|
| 300 |
0 |
|
|b il., fot.
|
| 653 |
|
|
|a URUGUAY
|
| 653 |
|
|
|a TAPICES
|
| 653 |
|
|
|a ARTE TEXTIL
|
| 773 |
0 |
|
|t Humboldt
|g año 29, no. 94 [1988], p. 8-13
|
| 942 |
|
|
|c ARTI
|
| 952 |
|
|
|0 0
|1 0
|4 0
|7 0
|9 54898
|a AR-BAuAD
|b AR-BAuAD
|d 2025-07-11
|l 0
|p AAQA009978
|r 2025-07-11 11:10:14
|w 2025-07-11
|y ARTI
|
| 990 |
|
|
|a DT198
|b TD
|
| 998 |
|
|
|a AAQ
|b BIBUN76
|
| 999 |
|
|
|c 34571
|d 34571
|